<?xml version="1.0" encoding="UTF-8"?>
<marc:record xmlns:marc="http://www.loc.gov/MARC21/slim">
   <marc:leader>00000nam a2200000 a 4500</marc:leader>
   <marc:datafield ind1="1" ind2=" " tag="100">
      <marc:subfield code="a">Miller, Derek B.</marc:subfield>
      <marc:subfield code="4">aut</marc:subfield>
      <marc:subfield code="e">Verfasser/-in</marc:subfield>
   </marc:datafield>
   <marc:datafield ind1="1" ind2=" " tag="100">
      <marc:subfield code="a">Roth, Olaf</marc:subfield>
      <marc:subfield code="4">trl</marc:subfield>
      <marc:subfield code="e">Übersetzer/-in</marc:subfield>
   </marc:datafield>
   <marc:datafield ind1=" " ind2=" " tag="653">
      <marc:subfield code="a">Thriller</marc:subfield>
   </marc:datafield>
   <marc:datafield ind1="0" ind2="0" tag="245">
      <marc:subfield code="a">Ein seltsamer Ort zum Sterben</marc:subfield>
   </marc:datafield>
   <marc:datafield ind1="0" ind2="0" tag="245">
      <marc:subfield code="b">Roman</marc:subfield>
   </marc:datafield>
   <marc:datafield ind1="0" ind2="0" tag="245">
      <marc:subfield code="c">Derek B. Miller. Olaf Roth</marc:subfield>
   </marc:datafield>
   <marc:datafield ind1=" " ind2="1" tag="264">
      <marc:subfield code="a">Reinbek bei Hamburg</marc:subfield>
      <marc:subfield code="b">Rowohlt Taschenbuch Verlag</marc:subfield>
      <marc:subfield code="c">2014</marc:subfield>
   </marc:datafield>
   <marc:datafield ind1="1" ind2=" " tag="520">
      <marc:subfield code="a">Ein alter Mann, den man lieben muss. Ein Buch, das man lieben wird #Nach dem Tod seiner Frau ist Sheldon Horowitz mit 82 Jahren zu seiner Enkelin nach Oslo gezogen. In ein fremdes Land ohne Juden. Viel Zeit, um über die Vergangenheit nachzudenken. All die Erinnerungen. All die Toten. #Eines Tages hört Sheldon aus dem Treppenhaus Krach: Er öffnet die Tür, und in seiner Wohnung steht eine Frau mit einem kleinen Jungen. Kurze Zeit später ist die Tür aufgebrochen, die Frau tot und Sheldon mit dem Kind auf der Flucht den Oslofjord hinauf. #Was wollen die Verfolger von dem Jungen? Sheldon weiß es nicht. Aber er weiß: Sie werden ihn nicht kriegen.</marc:subfield>
   </marc:datafield>
   <marc:datafield ind1=" " ind2=" " tag="020">
      <marc:subfield code="a">9783499259654</marc:subfield>
      <marc:subfield code="9">9783499259654</marc:subfield>
   </marc:datafield>
   <marc:datafield ind1=" " ind2=" " tag="041">
      <marc:subfield code="a">ger</marc:subfield>
   </marc:datafield>
   <marc:datafield ind1=" " ind2=" " tag="300">
      <marc:subfield code="a">397 S.</marc:subfield>
   </marc:datafield>
</marc:record>
